• 首页
  • 本馆介绍
  • 公告通知
  • 最新文献
  • 馆藏检索
  • 电子资源
  • 读者导购
  • 参考咨询
  • 我的图书馆
  • 登录
  • 详细信息显示
  • 放入我的书架
  • 预约/预借图书
  • 作者相关作品
  • 分类相关作品
  • 丛书相关作品
  • 出版社相关作品

书目信息

  • 表格格式
  • 工作单格式
  • 卡片格式
题名:
电子学基础
    
 
作者: 米德 著 ;蓝江桥 译
分册:  
出版信息: 北京   清华大学出版社  2006
页数: 21,1012页
开本: 26cm
丛书名:
单 册:
中图分类: TN6 , TM13
科图分类:
主题词: 电路--教材 , 电子元件--教材
电子资源:
ISBN: 7-302-12082-X
000 01089nam0 2200289 450
000 01093nam0 2200289 450
000 01026nam0 2200265 450
000 00989nam0 2200253 450
005 20070606172640.01
010    @a7-302-12082-X@dCNY118.00
100    @a20051102d2005 em y0chiy0120 ea
101 0  @achi
102    @aCN@b110000
105    @ay z 000yy
200 1  @a电子学基础@ADian Zi Xue Ji Chu@e电路和元器件@EDian Lu He Yuan Qi Jian@e第4版@EDi 4 Ban@f(美)米德(Meade,R.L.)著@F( Mei ) Mi De (Meade,R.L.) Zhu@g蓝江桥等译
205    @a4版
210    @a北京@c清华大学出版社@d2006
215    @a21,1012页@d26cm
330    @a本书是一本电子学的基础教材,系统介绍了直流/交流电路,以及各种常用电子设备与元器件。首先是电子学的基本理论,包括电子电路的单位、符号、原理图、穴理、框图等;接着介绍了基本的串、并联电,重要的测量仪器。
606 0  @a电路@j教材
606 0  @a电子元件@j教材
690    @aTN6@v4
690    @aTM13@v4
701  1 @a米德@AMi De@c(美)@g(Meade,R.L.)@4著
702  0 @a蓝江桥@ALan Jiang Qiao@4译
801  0 @aCN@bTAOJIN@c20070606
905    @a10447@dTM13@e148=4
    
    电子学基础:电路和元器件:第4版/(美)米德(Meade,R.L.)著/蓝江桥等译.-4版.-北京:清华大学出版社,2006
    21,1012页;26cm
    
    
    ISBN 7-302-12082-X:CNY118.00
    本书是一本电子学的基础教材,系统介绍了直流/交流电路,以及各种常用电子设备与元器件。首先是电子学的基本理论,包括电子电路的单位、符号、原理图、穴理、框图等;接着介绍了基本的串、并联电,重要的测量仪器。
●
相关链接 在E读中查询图书 在五车中查询图书 在当当中查询图书 在豆瓣中查询图书


正题名:电子学基础     索取号:TM13/148=4         预约/预借

序号 登录号 条形码 馆藏地/架位号 状态 备注
1 0526667   205266674   第二样本阅览室/ [索取号:TM13/148=4] 在馆    
2 0526668   205266683   第三借阅区/ [索取号:TM13/148=4] 在馆    
3 0526669   205266692   第三借阅区/ [索取号:TM13/148=4] 在馆    
4 0526670   205266709   第三借阅区/ [索取号:TM13/148=4] 在馆    
5 0526671   205266718   第三借阅区/ [索取号:TM13/148=4] 在馆    
6 0526672   205266727   第三借阅区/ [索取号:TM13/148=4] 在馆    
7 0526673   205266736   第三借阅区/ [索取号:TM13/148=4] 在馆    
8 0526674   205266745   第三借阅区/ [索取号:TM13/148=4] 在馆    
唐山师范学院图书馆 欢迎您!
大连网信软件有限公司© 版权所有